000 00527nam a22001937a 4500
003 AM-YEHGA
005 20250617160511.0
008 201130s2019 yu ||||| |||| 00| 0 srp d
020 _a9788681510063
040 _aAM-YeHGA
041 0 _asrp
100 1 _aКовачевић, Синиша
245 1 0 _aОсвајање завичаја /
_cСиниша Ковачевић.
260 _aBeograd :
_bVukotić media,
_c2019.
300 _a263 p.
650 1 4 _aSerbian literature
942 _2udc
_cBK
090 _c457451
999 _c454460
_d454460